000 00403nam a2200169Ia 4500
005 20250423100003.0
008 250422s9999 xx 000 0 und d
020 _a0- 07- 023983- 5
050 _aQA 76.73.C153 .G73/
100 _aNeill Graham
245 0 _aLearning C++
260 _bMCGraw- Hill
260 _c1991
300 _a422 p
650 _aC++ (computer program language)
942 _cBK
999 _c31945
_d31945